Statistiques concernant Louis-Napoléon Bonaparte et sa présidence

Cliquez ici pour prendre le quiz!

Statistiques générales

  • Ce quiz a été pris 115 fois
  • Le résultat moyen est 10 sur 20

Statistiques - réponses

GroupeIndicesRéponses% Correct
BiographieRégime fondé peu après son coup d'état en 1851Second Empire
89%
FamilleOncleNapoléon Bonaparte
79%
PrésidenceParti politique lors de son élection (soutien)Parti de l'Ordre
74%
BiographiePays dans lequel il s'exile après sa chuteRoyaume-Uni
72%
BiographieBataille à l'issue de laquelle il est capturé par la PrusseBataille de {Sedan}
65%
CitationsL'{Empire}, c'est la paix.
63%
BiographieProfession de formationOfficier militaire
56%
PrésidenceAdversaires lors de l'élection (nommez-en un)Cavaignac | Ledru-Rollin | Raspail | Lamartine | Changarnier
55%
PrésidenceUn projet de révision constitutionnelle tenta d'en supprimer le caractère unique, Napoléon souhaitant être rééluMandat présidentiel
55%
FamilleEpouseEugénie de Montijo
53%
BiographieEcole fréquentéeÉcole militaire centrale fédérale de Thoune
52%
BiographieDate de ce coup d'Etat, célébrant le sacre et la victoire à Austerlitz de son oncle2 décembre
51%
PrésidenceRégime dont il fut le seul chef de l'exécutif non provisoireDeuxième République
48%
PrésidenceLe sien fut augmenté à deux reprises au cours de son mandatTraitement
43%
PrésidenceDes conflits armés éclatèrent avec le Piémont pour maintenir l'autorité temporelle de celui-ciPape
38%
CitationsSurtout n'ayez pas peur du {peuple}, il est plus conservateur que vous.
30%
BibliographieOuvrage d'inspiration saint-simonienne décrivant la révolution industrielle et ses formes de misèreDe l'extinction du {paupérisme}
24%
BibliographieEssai sur l'armée du pays dans lequel il servit dès 1830Considération politiques et militaires sur la {Suisse}
20%
PrésidenceLoi sur la liberté d'enseignement laissant une place importante à l'éducation confessionnelleLoi Falloux
17%
PrésidencePrésident du Conseil à deux reprises, penseur de la déconcentrationOdilon Barrot
5%

Distribution des résultats

Percentile par nombre de réponses

% des personnes avec chaque résultat

Votre développement - résultats

Vous n’avez pas pris ce quiz